LEADER 00670nam a2200181 i 4500 001 991004344733707536 005 20240925122315.0 008 240925s1861 it a er 001 0 ita d 040 $aBibl. Interfacoltà T. Pellegrino$bita$cSocioculturale Scs 041 0 $aita 082 04$a248.8$223 245 02$aL'amico fedele che dirige un principiante nella via della devozione 260 $aNapoli :$bGennaro Cimmaruta,$c1861 300 $a242 p. , [1] carta di tavola :$bantiporta calcografica ;$c14 cm 650 4$aVita Cristiana$xDevozione 912 $a991004344733707536 996 $aAmico fedele che dirige un principiante nella via della devozione$94165034 997 $aUNISALENTO LEADER 03754nam 2200781 a 450 001 9910964576203321 005 20230215201902.0 010 $a9786612538360 010 $a9781282538368 010 $a1282538365 010 $a9780226237992 010 $a0226237990 024 7 $a10.7208/9780226237992 035 $a(CKB)2670000000017074 035 $a(EBL)515740 035 $a(OCoLC)644605729 035 $a(SSID)ssj0000413880 035 $a(PQKBManifestationID)11293387 035 $a(PQKBTitleCode)TC0000413880 035 $a(PQKBWorkID)10386017 035 $a(PQKB)10883556 035 $a(MiAaPQ)EBC515740 035 $a(DE-B1597)535487 035 $a(OCoLC)1124391281 035 $a(DE-B1597)9780226237992 035 $a(Au-PeEL)EBL515740 035 $a(CaPaEBR)ebr10381156 035 $a(CaONFJC)MIL253836 035 $a(MiAaPQ)EBC3038258 035 $a(Au-PeEL)EBL3038258 035 $a(OCoLC)927459550 035 $a(Perlego)1972170 035 $a(EXLCZ)992670000000017074 100 $a19870709d1988 uy 0 101 0 $aeng 135 $aur||#|||||||| 181 $ctxt$2rdacontent 182 $cc$2rdamedia 183 $acr$2rdacarrier 200 10$aChicago '68 /$fDavid Farber 210 $aChicago $cUniversity of Chicago Press$d1988 215 $a1 online resource (349 p.) 300 $aDescription based upon print version of record. 311 08$a9780226238012 311 08$a0226238016 311 08$a9780226238005 311 08$a0226238008 320 $aIncludes bibliographical references (p. 259-296) and index. 327 $tFrontmatter --$tContents --$tPreface --$tIntroduction --$tAbbreviations --$t1. Making Yippie! --$t2. The Politics of Laughter --$t3. Gandhi and Guerrilla --$t4. Mobilizing in Molasses --$t5. The Mayor and the Meaning of Clout --$t6. The City of Broad Shoulders --$t7. The Streets Belong to the People --$t8 Inside Yippie! --$t9 Thinking about the Mobe and Chicago '68 --$t10 Public Feelings --$tNotes --$tIndex 330 $aEntertaining and scrupulously researched, Chicago '68 reconstructs the 1968 Democratic Convention in Chicago-an epochal moment in American cultural and political history. By drawing on a wide range of sources, Farber tells and retells the story of the protests in three different voices, from the perspectives of the major protagonists-the Yippies, the National Mobilization to End the War, and Mayor Richard J. Daley and his police. He brilliantly recreates all the excitement and drama, the violently charged action and language of this period of crisis, giving life to the whole set of cultural experiences we call "the sixties." "Chicago '68 was a watershed summer. Chicago '68 is a watershed book. Farber succeeds in presenting a sensitive, fairminded composite portrait that is at once a model of fine narrative history and an example of how one can walk the intellectual tightrope between 'reporting one's findings' and offering judgements about them."-Peter I. Rose, Contemporary Sociology 517 3 $aChicago sixty-eight 606 $aRiots$zIllinois$zChicago$xHistory$y20th century 606 $aPolitical conventions$zIllinois$zChicago$xHistory$y20th century 606 $aRadicalism$zIllinois$zChicago$xHistory$y20th century 607 $aUnited States$xPolitics and government$y1963-1969 607 $aChicago (Ill.)$xHistory$y1875- 615 0$aRiots$xHistory 615 0$aPolitical conventions$xHistory 615 0$aRadicalism$xHistory 676 $a977.3/11043 700 $aFarber$b David$f1956-$01814385 801 0$bMiAaPQ 801 1$bMiAaPQ 801 2$bMiAaPQ 906 $aBOOK 912 $a9910964576203321 996 $aChicago '68$94368270 997 $aUNINA